00377 a2200157 4500003000500000005001700005040000900022082001200031100001600043245004400059250001200103260003500115300001200150650004600162651001100208Nust20170207154320.0 cNust a621.395 aMorris Mano aDIGITAL DESIGN (E-Book)cM. MORRIS MANO a4th ed  aPearson Education, Inc.,c2007 a294 p  aTelecommunications engineering - (E-BOOK) aE-Book